الإنصاف في مسائل الخلاف بين النحويين البصريين والكوفيين / (رقم التسجيلة. 4841)
[ عرض عادي ]
| 000 -الفاتح | |
|---|---|
| حقل البيانات ثابتة الطول | 01137cam a2200253a 44500 |
| 003 - محدد رقم الضبط | |
| رقم الضبط | OSt |
| 005 - وقت وتاريخ اخر تعامل مع التسجيلة | |
| رقم الضبط | 20150408113800.0 |
| 008 - عناصر البيانات ثابتة الطول - معلومات عامة | |
| حقل البيانات ثابتة الطول | 030309n19uu ua g 00000 ara dd |
| 040 ## - مصدر الفهرسة | |
| وكالة الفهرسة الأصلية | MU |
| لغة الفهرسة | ara |
| وكالة النسخ | MB |
| 041 ## - رمز اللغة | |
| رمز لغة النص/ المسارات الصوتية أو العنوان الانفرادي | عربي |
| 072 ## - رمز الفئه الموضوعية | |
| رمز فئه الموضوع | 045 |
| مجموعة رمز فئه الموضوع | اللغة العربية |
| 082 04 - رقم تصنيف ديوى العشرى | |
| رقم التصنيف | 415.3 |
| 092 ## - رقم استدعاء ديوى المحلى | |
| رقم التصنيف | 415.3 |
| 100 1# - المدخل الرئيسى - إسم شخصى | |
| الإسم الشخصى | الأنباري، عبد الرحمن بن محمد بن عبيد الله، |
| التواريخ المصاحبة للاسم | 513-577 هـ. |
| 9 (RLIN) | 1138 |
| 245 12 - بيان العنوان | |
| العنوان | الإنصاف في مسائل الخلاف بين النحويين البصريين والكوفيين / |
| بيان المسئوليه,etc | تأليف كمال الدين أبي البركات الأنباري. معه، كتاب الانتصاف من الإنصاف / تأليف محمد محيي الدين عبد الحميد. |
| 250 ## - بيان الطبعة | |
| بيان الطبعة | ط. 4 |
| 260 ## - PUBLICATION, DISTRIBUTION, ETC. (IMPRINT) | |
| مكان الناشر او الموزع | القاهرة : |
| اسم الناشر او الموزع | المحقق |
| تاريخ النشر أو التوزيع | 1961 |
| 300 ## - الوصف المادى | |
| التعداد | ج |
| أبعاد الوعاء | 23 سم. |
| 650 #7 - المدخل الاضافى بالموضوع-مصطلح موضوعى | |
| مصطلح موضوعي أو اسم جغرافي كعنصر مدخل | اللغة العربية |
| التقسيم الفرعي العام | النحو |
| مصدر الرأس أو المصطلح | aucsh. |
| 650 #7 - المدخل الاضافى بالموضوع-مصطلح موضوعى | |
| مصطلح موضوعي أو اسم جغرافي كعنصر مدخل | اللغويون العرب |
| التقسيم الفرعي الشكلي | تراجم |
| مصدر الرأس أو المصطلح | aucsh. |
| 9 (RLIN) | 32 |
| 700 12 - المدخل الاضافى - اسم شخصى | |
| الإسم الشخصى | عبد الحميد ، محمد محي الدين |
| عنوان العمل | الانتصاف من الإنصاف. |
| 9 (RLIN) | 6201 |
| 740 22 - المدخل الاضافى - عنوان مرتبط/تحليلى غير مقيد | |
| العنوان التحليلي/ الرابط غير مقيد | الانتصاف من الإنصاف. |
| 942 ## - عناصر المدخل الإضافي( كوها) | |
| مصدر التصنيف او مخطط الترفيف | Dewey Decimal Classification |
| Koha [default] item type | مراجع |
| حالة الفقد | نموذج السعر الفعال | حالة تلف | ليس للاعارة | رقم الطلب | تاريخ الاكتساب | الموقع الحالي | الفرع الرئيسي | Date last seen | Total Checkouts |
|---|---|---|---|---|---|---|---|---|---|
| 2013-03-10 | 415.3 ا ٠ا | 2011-05-21 | مكتبة كلية التربية بالزلفى - طالبات (EZF) | مكتبة كلية التربية بالزلفى - طالبات (EZF) | 2013-03-10 |
